[Event "FIDE Olympiad Disabilties 2020"]
[Site "Online"]
[Date "2020.11.21"]
[Round "7.10"]
[White "Perez, Gilbert"]
[Black "Rivas Cabrera, Edgar"]
[Result "0-1"]
[WhiteElo "1835"]
[BlackElo "2019"]
[Annotator "TA"]
[PlyCount "116"]
[EventDate "2020.11.21"]
[EventType "team-tourn"]
[EventCountry "NET"]
[SourceTitle "playchess.com"]
[Source "ChessBase"]
[SourceQuality "1"]
[WhiteTeam "Canada"]
[BlackTeam "Venezuela"]
[WhiteTeamCountry "CAN"]
[BlackTeamCountry "VEN"]

1. e4 c5 2. Nc3 Nc6 3. f4 g6 4. Nf3 Bg7 5. g3 d6 6. h3 e6 7. Bg2 Nge7 8. O-O O-O 9. d3 Rb8 10. g4 f5 11. g5 b6 12. Ne2 fxe4 13. dxe4 Ba6 14. Re1 e5 15. f5 gxf5 16. exf5 Rxf5 17. Nh4 Rf7 18. Ng3 Qd7 19. c3 Bc4 20. Qh5 Qe6 21. Be4 Bh8 22. Kh2 d5 23. Bf3 Rxf3 24. Qxf3 Rf8 25. Qh5 e4 26. Rg1 Be5 27. g6 Nxg6 28. Bh6 Rf6 29. Bg5 Nxh4 30. Qxh4 Rg6 31. Rg2 Bd6 32. Rag1 Ne5 33. Kh1 Nf3 34. Qg4 Qxg4 35. hxg4 Nxg1 36. Nf5 Rxg5 37. Nxd6 Nf3 38. Nxc4 dxc4 39. Rg3 Kg7 40. Kg2 Rd5 41. Kf2 Rd3 42. g5 Kg6 43. Ke2 Nxg5 44. Rg4 h5 45. Rh4 Rg3 46. Kf2 Rf3+ 47. Ke2 Rh3 48. Rf4 Rh2+ 49. Ke3 Rxb2 50. Rf8 Rb1 51. a4 h4 52. Kf4 Rf1+ 53. Kg4 Rxf8 54. Kxh4 e3 55. Kg3 e2 56. Kg4 e1=Q 57. a5 Qg1+ 58. Kh4 Rh8# 0-1

[Event "FIDE Olympiad Disabilties 2020"]
[Site "Online"]
[Date "2020.11.21"]
[Round "7.10"]
[White "Morin, Louis"]
[Black "Palacios Figueroa, Barbara del Valle"]
[Result "1/2-1/2"]
[WhiteElo "1806"]
[BlackElo "1724"]
[Annotator "NA RC"]
[PlyCount "109"]
[EventDate "2020.11.21"]
[EventType "team-tourn"]
[EventCountry "NET"]
[SourceTitle "playchess.com"]
[Source "ChessBase"]
[SourceQuality "1"]
[WhiteTeam "Canada"]
[BlackTeam "Venezuela"]
[WhiteTeamCountry "CAN"]
[BlackTeamCountry "VEN"]

1. e4 c6 2. d4 d5 3. Nc3 dxe4 4. Nxe4 Bf5 5. Ng3 Bg6 6. h4 h6 7. Nf3 Nd7 8. h5 Bh7 9. Bd3 Bxd3 10. Qxd3 Ngf6 11. Bd2 e6 12. O-O-O Bd6 13. Kb1 Qc7 14. Ne4 Nxe4 15. Qxe4 Nf6 16. Qe2 O-O-O 17. Ne1 Qb6 18. c3 Ba3 19. Nd3 Nd5 20. Ka1 Be7 21. Ne5 Rhf8 22. Qg4 Bf6 23. Nc4 Qc7 24. Ne3 Rd7 25. Nxd5 Rxd5 26. Bf4 Qb6 27. Qe2 Rfd8 28. f3 c5 29. dxc5 Qxc5 30. Rxd5 Rxd5 31. g4 a5 32. Rd1 a4 33. Rxd5 Qxd5 34. a3 b5 35. Bc1 Kc7 36. Kb1 Kc6 37. Be3 Qb3 38. Qd3 Qd5 39. Kc2 Qxd3+ 40. Kxd3 Kd5 41. Bf4 Kc5 42. Bc1 Kd5 43. f4 e5 44. fxe5 Bxe5 45. Be3 Bf6 46. Bd4 Be5 47. Be3 Bf6 48. Bf2 Be5 49. Bd4 f6 50. Be3 Bd6 51. Bg1 Be5 52. Bf2 Bd6 53. Bg1 Be5 54. Bf2 Bd6 55. Bg1 1/2-1/2

[Event "FIDE Olympiad Disabilties 2020"]
[Site "Online"]
[Date "2020.11.21"]
[Round "7.11"]
[White "Gonzalez Astete, Cristian"]
[Black "Garzon Zapatanga, Christopher Leonel"]
[Result "1/2-1/2"]
[WhiteElo "2130"]
[BlackElo "1697"]
[Annotator "TA"]
[PlyCount "116"]
[EventDate "2020.11.21"]
[EventType "team-tourn"]
[EventCountry "NET"]
[SourceTitle "playchess.com"]
[Source "ChessBase"]
[SourceQuality "1"]
[WhiteTeam "Chile"]
[BlackTeam "Ecuador"]
[WhiteTeamCountry "CHI"]
[BlackTeamCountry "ECU"]

1. d4 Nf6 2. c4 c5 3. d5 b5 4. Qc2 bxc4 5. e4 d6 6. Bxc4 g6 7. Nf3 Bg7 8. O-O O-O 9. h3 Ba6 10. Nbd2 Qc7 11. Rb1 Bxc4 12. Nxc4 Na6 13. a3 Rab8 14. Bd2 Rfc8 15. Na5 Rb5 16. Nc6 Nb8 17. Qa4 Rb7 18. Na5 Rb6 19. Nc4 Rb7 20. Ba5 Qd7 21. Qc2 Qb5 22. Nfd2 Nbd7 23. Bc3 Ne8 24. Bxg7 Nxg7 25. f4 Nb6 26. Kh2 Ne8 27. f5 Nf6 28. fxg6 hxg6 29. Rf3 Nxc4 30. Nxc4 Rcb8 31. Rbf1 Qd7 32. b3 Qc7 33. g4 Rf8 34. g5 Nh7 35. Qg2 Qd7 36. Qg3 e5 37. dxe6 Qxe6 38. Nxd6 Rd7 39. e5 Re7 40. Re1 Rd8 41. Rfe3 Red7 42. Ne4 Rd5 43. Nf6+ Nxf6 44. exf6 Rd2+ 45. Kg1 Qd7 46. Qh4 Rd1 47. Re7 Qd2 48. Kf1 Qh2 49. Qg4 Qh1+ 50. Kf2 R8d2+ 51. Kg3 Qg2+ 52. Kh4 Rd4 53. Re8+ Kh7 54. R1e4 Qf2+ 55. Qg3 Qf5 56. Qg4 Qf2+ 57. Qg3 Qf5 58. Qg4 Qf2+ 1/2-1/2

[Event "FIDE Olympiad Disabilties 2020"]
[Site "Online"]
[Date "2020.11.21"]
[Round "7.11"]
[White "Basualto Penalieres, Pedro"]
[Black "Nevarez Castro, Andres"]
[Result "1/2-1/2"]
[WhiteElo "2025"]
[BlackElo "1250"]
[Annotator "TA"]
[PlyCount "115"]
[EventDate "2020.11.21"]
[EventType "team-tourn"]
[EventCountry "NET"]
[SourceTitle "playchess.com"]
[Source "ChessBase"]
[SourceQuality "1"]
[WhiteTeam "Chile"]
[BlackTeam "Ecuador"]
[WhiteTeamCountry "CHI"]
[BlackTeamCountry "ECU"]

1. e4 c5 2. Nf3 e6 3. c3 Nf6 4. d3 d6 5. Be2 Nbd7 6. O-O b6 7. Re1 Bb7 8. Bg5 Be7 9. Nbd2 O-O 10. Qc2 Qc7 11. Rad1 Rac8 12. Bf1 h6 13. Bh4 Rfd8 14. h3 Ne5 15. Bg3 Nfd7 16. d4 cxd4 17. Nxd4 a6 18. f4 Nc6 19. N2f3 Nxd4 20. Nxd4 Nf6 21. Bd3 Nh5 22. Bh2 Nf6 23. a4 Qb8 24. Qe2 Qa8 25. Kh1 Nd7 26. Bg1 Nc5 27. Bc2 Bh4 28. Bf2 Bxf2 29. Qxf2 Nxe4 30. Bxe4 Bxe4 31. Ne2 Qb7 32. Ng3 Bc6 33. Rd4 b5 34. axb5 Bxb5 35. Red1 Qe7 36. Qd2 d5 37. Re1 Qh4 38. Kh2 Rc4 39. f5 Rxd4 40. cxd4 Re8 41. Re5 Qd8 42. Qf4 exf5 43. Rxf5 Qd7 44. Qf3 Bc4 45. b3 g6 46. Rf6 Bb5 47. Qf4 Kg7 48. Rd6 Qb7 49. Nh5+ gxh5 50. Qxh6+ Kg8 51. Qg5+ Kf8 52. Qh6+ Ke7 53. Qf6+ Kf8 54. Qh8+ Ke7 55. Qe5+ Kf8 56. Qh8+ Ke7 57. Qe5+ Kf8 58. Qh8+ 1/2-1/2

[Event "FIDE Olympiad Disabilties 2020"]
[Site "Online"]
[Date "2020.11.21"]
[Round "7.11"]
[White "Jacome, Esteban"]
[Black "Rozas Lazcano, Valeska"]
[Result "1/2-1/2"]
[WhiteElo "1549"]
[BlackElo "1435"]
[Annotator "NA RC"]
[PlyCount "173"]
[EventDate "2020.11.21"]
[EventType "team-tourn"]
[EventCountry "NET"]
[SourceTitle "playchess.com"]
[Source "ChessBase"]
[SourceQuality "1"]
[WhiteTeam "Ecuador"]
[BlackTeam "Chile"]
[WhiteTeamCountry "ECU"]
[BlackTeamCountry "CHI"]

1. e4 c5 2. Nf3 e6 3. d4 cxd4 4. Nxd4 a6 5. Bd3 Bc5 6. Nb3 Be7 7. O-O Qc7 8. Nc3 Nf6 9. f4 g6 10. Qf3 d6 11. Bd2 Nbd7 12. Rae1 b6 13. Qh3 Bb7 14. Re2 h5 15. Rfe1 O-O-O 16. e5 dxe5 17. fxe5 Nd5 18. Nxd5 Bxd5 19. Bxa6+ Bb7 20. Bxb7+ Qxb7 21. Qf3 Qxf3 22. gxf3 Kb7 23. a4 Nc5 24. Nxc5+ Bxc5+ 25. Be3 Bxe3+ 26. Rxe3 Rd4 27. Rd3 Rxd3 28. cxd3 Rd8 29. Rd1 Kc6 30. Kf2 Rd4 31. b3 Kd5 32. Ke3 Kxe5 33. Rc1 Rb4 34. Rc3 Kd5 35. f4 f6 36. h3 g5 37. fxg5 fxg5 38. Rc8 Rh4 39. Rd8+ Kc6 40. Rg8 Rxh3+ 41. Ke4 g4 42. Rg6 Kd6 43. b4 Rh1 44. a5 bxa5 45. bxa5 Ra1 46. Rg5 g3 47. Rxg3 Rxa5 48. Kf4 Rf5+ 49. Ke4 Re5+ 50. Kf4 Kd5 51. Rh3 Rf5+ 52. Ke3 e5 53. Rh4 Rg5 54. Kf3 Ke6 55. d4 exd4 56. Rxd4 Ke5 57. Ra4 Kf6 58. Ra6+ Kg7 59. Ra7+ Kh6 60. Kf4 Rg4+ 61. Kf3 Rb4 62. Ra8 Kg5 63. Ra5+ Kh4 64. Rd5 Rb8 65. Rd4+ Kh3 66. Rd1 Rf8+ 67. Ke4 h4 68. Rg1 Kh2 69. Rg7 h3 70. Ke3 Rf1 71. Ke2 Rg1 72. Rf7 Rg2+ 73. Kf1 Kh1 74. Rh7 h2 75. Rb7 Rg1+ 76. Kf2 Rd1 77. Rg7 Rd5 78. Kf1 Rf5+ 79. Ke2 Rf6 80. Rg4 Rc6 81. Kf1 Rc1+ 82. Kf2 Rg1 83. Rc4 Rg2+ 84. Kf1 Rg6 85. Rf4 Rg8 86. Kf2 Rg1 87. Rc4 1/2-1/2

[Event "FIDE Olympiad Disabilties 2020"]
[Site "Online"]
[Date "2020.11.21"]
[Round "7.11"]
[White "Delgado Tigasi, Andrea"]
[Black "Figueroa Morales, Tomas"]
[Result "0-1"]
[WhiteElo "1243"]
[BlackElo "2093"]
[Annotator "TA"]
[PlyCount "68"]
[EventDate "2020.11.21"]
[EventType "team-tourn"]
[EventCountry "NET"]
[SourceTitle "playchess.com"]
[Source "ChessBase"]
[SourceQuality "1"]
[WhiteTeam "Ecuador"]
[BlackTeam "Chile"]
[WhiteTeamCountry "ECU"]
[BlackTeamCountry "CHI"]

1. d4 e6 2. c4 Nf6 3. Nf3 d5 4. Nc3 c6 5. a3 Nbd7 6. e3 Bd6 7. c5 Be7 8. Bd3 b6 9. b4 O-O 10. Qe2 Qc7 11. e4 dxe4 12. Nxe4 e5 13. Nxf6+ Bxf6 14. cxb6 axb6 15. dxe5 Nxe5 16. Ra2 Nxd3+ 17. Qxd3 Ba6 18. Qf5 Rfe8+ 19. Be3 Bc3+ 20. Nd2 Rad8 21. Rc2 Bd3 22. Qg5 Bxc2 23. O-O h6 24. Qh4 Rxe3 25. fxe3 Bxd2 26. e4 Be3+ 27. Kh1 Bg5 28. Qg4 Qe5 29. h4 Bf6 30. Re1 Qc3 31. Rf1 Bd3 32. Rf3 Qe1+ 33. Kh2 Be5+ 34. Kh3 Qh1# 0-1

[Event "FIDE Olympiad Disabilties 2020"]
[Site "Online"]
[Date "2020.11.21"]
[Round "7.12"]
[White "Maia, Jose Eduardo Bastos "]
[Black "McConnell, Griffin"]
[Result "1-0"]
[WhiteElo "2043"]
[BlackElo "1823"]
[Annotator "TA"]
[PlyCount "119"]
[EventDate "2020.11.21"]
[EventType "team-tourn"]
[EventCountry "NET"]
[SourceTitle "playchess.com"]
[Source "ChessBase"]
[SourceQuality "1"]
[WhiteTeam "Brazil"]
[BlackTeam "United States"]
[WhiteTeamCountry "BRA"]
[BlackTeamCountry "USA"]

1. d4 c6 2. c4 d5 3. Nf3 Nf6 4. Qc2 g6 5. Nc3 a6 6. Bf4 Nh5 7. Be5 f6 8. Bxb8 Rxb8 9. e3 Bf5 10. Qb3 Bh6 11. cxd5 cxd5 12. Qxd5 Qxd5 13. Nxd5 Kf7 14. Nc3 Rhd8 15. Bc4+ e6 16. O-O Rbc8 17. Bb3 g5 18. Rac1 g4 19. Nd2 g3 20. f4 gxh2+ 21. Kxh2 Nxf4 22. exf4 Rxd4 23. Nf3 Rxf4 24. Rcd1 Rc7 25. Rfe1 Re7 26. Rd4 Kf8 27. Rxf4 Bxf4+ 28. g3 Bh6 29. Nd4 Bg4 30. Nxe6+ Bxe6 31. Rxe6 Rxe6 32. Bxe6 Bc1 33. b3 Ke7 34. Bd5 b6 35. Bb7 a5 36. Kh3 Kd6 37. a4 f5 38. Ne2 Bb2 39. Kh4 Ke5 40. Kg5 Ba3 41. Kh6 Kf6 42. Kxh7 Bd6 43. Kh6 Be5 44. Nf4 Bd4 45. Nd5+ Ke5 46. Nf4 Be3 47. Kg6 Bd2 48. Bc8 Ke4 49. Bxf5+ Kf3 50. Nh5 Ke3 51. g4 Kd4 52. Kf6 Kc5 53. g5 b5 54. axb5 Kxb5 55. g6 Kb4 56. Be6 a4 57. bxa4 Kxa4 58. Kf7 Bh6 59. Nf6 Kb4 60. Ng4 1-0

[Event "FIDE Olympiad Disabilties 2020"]
[Site "Online"]
[Date "2020.11.21"]
[Round "7.12"]
[White "Aigner, Michael"]
[Black "Barata, Adriano Albiani"]
[Result "1-0"]
[WhiteElo "2006"]
[BlackElo "2144"]
[Annotator "TA"]
[PlyCount "63"]
[EventDate "2020.11.21"]
[EventType "team-tourn"]
[EventCountry "NET"]
[SourceTitle "playchess.com"]
[Source "ChessBase"]
[SourceQuality "1"]
[WhiteTeam "United States"]
[BlackTeam "Brazil"]
[WhiteTeamCountry "USA"]
[BlackTeamCountry "BRA"]

1. e4 c5 2. Nc3 Nc6 3. g3 g6 4. Bg2 Bg7 5. d3 e5 6. Nh3 Nge7 7. f4 d6 8. O-O O-O 9. f5 f6 10. g4 g5 11. Nf2 Rb8 12. Be3 b5 13. Qd2 h6 14. h4 a6 15. Nh3 b4 16. Ne2 Nd4 17. Ng3 Nec6 18. Rf2 Bd7 19. Raf1 Be8 20. hxg5 hxg5 21. c3 bxc3 22. bxc3 Nb5 23. a4 Nc7 24. Bf3 Bf7 25. Bd1 Na5 26. Rh2 Qe7 27. Nxg5 fxg5 28. Bxg5 Bf6 29. Bh6 Rfd8 30. g5 Bh8 31. g6 Be8 32. Nh5 1-0

[Event "FIDE Olympiad Disabilties 2020"]
[Site "Online"]
[Date "2020.11.21"]
[Round "7.12"]
[White "Shankar, Pranav"]
[Black "Moyses Sobrinho, Elias"]
[Result "1-0"]
[WhiteElo "1499"]
[BlackElo "1884"]
[Annotator "NA RC"]
[PlyCount "57"]
[EventDate "2020.11.21"]
[EventType "team-tourn"]
[EventCountry "NET"]
[SourceTitle "playchess.com"]
[Source "ChessBase"]
[SourceQuality "1"]
[WhiteTeam "United States"]
[BlackTeam "Brazil"]
[WhiteTeamCountry "USA"]
[BlackTeamCountry "BRA"]

1. d4 Nf6 2. c4 c5 3. d5 b5 4. cxb5 a6 5. e3 axb5 6. Bxb5 Qa5+ 7. Nc3 Ne4 8. Qd3 Nxc3 9. bxc3 g6 10. Bd2 Bg7 11. Nf3 O-O 12. O-O d6 13. a4 Na6 14. Rfe1 Bb7 15. e4 Nc7 16. c4 Qa7 17. Bc3 Bxc3 18. Qxc3 Na6 19. e5 Bc8 20. Re3 Bg4 21. Rae1 Bxf3 22. Rxf3 Nb4 23. Rfe3 Rac8 24. exd6 exd6 25. Re7 Rc7 26. Qf6 Rxe7 27. Rxe7 Qb6 28. Be8 Nxd5 29. Bxf7+ 1-0

[Event "FIDE Olympiad Disabilties 2020"]
[Site "Online"]
[Date "2020.11.21"]
[Round "7.12"]
[White "Lopes, Marcia Maria Dias"]
[Black "Thilaganathan, Jessica"]
[Result "0-1"]
[WhiteElo "1363"]
[BlackElo "1892"]
[Annotator "NA RC"]
[PlyCount "60"]
[EventDate "2020.11.21"]
[EventType "team-tourn"]
[EventCountry "NET"]
[SourceTitle "playchess.com"]
[Source "ChessBase"]
[SourceQuality "1"]
[WhiteTeam "Brazil"]
[BlackTeam "England"]
[WhiteTeamCountry "BRA"]
[BlackTeamCountry "ENG"]

1. d4 Nf6 2. Nf3 d6 3. Bf4 g6 4. e3 Bg7 5. Nbd2 c6 6. c4 O-O 7. Bd3 Nbd7 8. O-O e5 9. dxe5 dxe5 10. Nxe5 Nxe5 11. Bxe5 Qxd3 12. Bc3 Be6 13. Qb3 b5 14. Qb4 bxc4 15. Rad1 Rfd8 16. h3 Bf8 17. Qa5 Nd5 18. Nf3 Qf5 19. Rfe1 Qh5 20. e4 Nb6 21. Qxh5 gxh5 22. Ng5 Rxd1 23. Rxd1 Bd7 24. Rd6 Bxd6 25. Bf6 h6 26. e5 Bxe5 27. Bxe5 hxg5 28. f4 g4 29. hxg4 hxg4 30. g3 Re8 0-1

[Event "FIDE Olympiad Disabilties 2020"]
[Site "Online"]
[Date "2020.11.21"]
[Round "7.13"]
[White "Baklanova, Tatiana"]
[Black "Saltik, Suleyman"]
[Result "0-1"]
[WhiteElo "2213"]
[BlackElo "1639"]
[Annotator "TA"]
[PlyCount "102"]
[EventDate "2020.11.21"]
[EventType "team-tourn"]
[EventCountry "NET"]
[SourceTitle "playchess.com"]
[Source "ChessBase"]
[SourceQuality "1"]
[WhiteTeam "Ukraine"]
[BlackTeam "Turkey"]
[WhiteTeamCountry "UKR"]
[BlackTeamCountry "TUR"]

1. d4 Nf6 2. c4 g6 3. Nc3 d5 4. cxd5 Nxd5 5. Bd2 Bg7 6. e4 Nxc3 7. Bxc3 O-O 8. h3 a6 9. Nf3 e6 10. a4 c5 11. Be2 Nc6 12. d5 exd5 13. exd5 Nb4 14. d6 Bf5 15. O-O Qd7 16. Ne5 Bxe5 17. Bxe5 Rfe8 18. Bc3 Nc2 19. Rc1 Nd4 20. Bf3 Qxd6 21. Bxb7 Rad8 22. Re1 Re7 23. Rxe7 Qxe7 24. Bxa6 Qg5 25. Kf1 Nb3 26. Qxb3 Qxc1+ 27. Be1 Rd1 28. Qc3 Bd3+ 29. Bxd3 Qxc3 30. bxc3 Rxd3 31. Ke2 c4 32. Bd2 Kf8 33. Kd1 Rd5 34. Ke2 Ke7 35. Ke3 Ke6 36. g3 Rd3+ 37. Ke2 Rd5 38. Be3 Ra5 39. Bd4 Rxa4 40. h4 Ra2+ 41. Ke3 Kd5 42. Kf4 Rd2 43. Ke3 Rd3+ 44. Ke2 Rxd4 45. cxd4 Kxd4 46. Kd2 Ke4 47. Ke2 c3 48. f3+ Kd4 49. Kd1 Ke3 50. Kc2 Kxf3 51. Kxc3 Kxg3 0-1

[Event "FIDE Olympiad Disabilties 2020"]
[Site "Online"]
[Date "2020.11.21"]
[Round "7.13"]
[White "Sahin, Handenur"]
[Black "Pokotaiev, Vladyslav"]
[Result "1-0"]
[WhiteElo "1997"]
[BlackElo "1839"]
[Annotator "NA RC"]
[PlyCount "97"]
[EventDate "2020.11.21"]
[EventType "team-tourn"]
[EventCountry "NET"]
[SourceTitle "playchess.com"]
[Source "ChessBase"]
[SourceQuality "1"]
[WhiteTeam "Turkey"]
[BlackTeam "Ukraine"]
[WhiteTeamCountry "TUR"]
[BlackTeamCountry "UKR"]

1. e4 c6 2. Nc3 d5 3. Nf3 dxe4 4. Nxe4 Nf6 5. Nxf6+ exf6 6. Bc4 Bd6 7. O-O O-O 8. h3 Re8 9. d4 Nd7 10. Be3 Nf8 11. Bd3 Qc7 12. Qd2 Ng6 13. c4 c5 14. Rad1 f5 15. dxc5 Bxc5 16. Bxc5 Qxc5 17. b4 Qc7 18. Rfe1 Be6 19. c5 Nf4 20. Bb5 Red8 21. Qc2 Rxd1 22. Rxd1 Rd8 23. a3 h6 24. Nd4 Qe5 25. Nxe6 Rxd1+ 26. Qxd1 Nxe6 27. Qf3 Qe4 28. Qxe4 fxe4 29. c6 bxc6 30. Bxc6 f5 31. Bd5 Kf7 32. g4 g6 33. gxf5 gxf5 34. Kf1 Ke7 35. Ba2 Nf4 36. h4 Kd6 37. Bb1 Ke5 38. b5 Nd5 39. a4 Nc3 40. Bc2 Kd4 41. f3 Ke3 42. fxe4 fxe4 43. Ke1 Kd4 44. Bb3 Kd3 45. Bd1 e3 46. a5 Kd4 47. b6 axb6 48. axb6 Nd5 49. b7 1-0

[Event "FIDE Olympiad Disabilties 2020"]
[Site "Online"]
[Date "2020.11.21"]
[Round "7.13"]
[White "Sahin, Huseyin"]
[Black "Filippskikh, Oleksii"]
[Result "0-1"]
[WhiteElo "1788"]
[BlackElo "1983"]
[Annotator "TA"]
[PlyCount "82"]
[EventDate "2020.11.21"]
[EventType "team-tourn"]
[EventCountry "NET"]
[SourceTitle "playchess.com"]
[Source "ChessBase"]
[SourceQuality "1"]
[WhiteTeam "Turkey"]
[BlackTeam "Ukraine"]
[WhiteTeamCountry "TUR"]
[BlackTeamCountry "UKR"]

1. e4 c5 2. Nf3 Nc6 3. Bb5 g6 4. O-O Bg7 5. c3 Nf6 6. Re1 O-O 7. d4 cxd4 8. cxd4 d5 9. e5 Ne4 10. Nc3 Nxc3 11. bxc3 Bg4 12. h3 Bf5 13. Ba3 Re8 14. Qb3 Qa5 15. Rad1 Rac8 16. Bd3 Bxd3 17. Rxd3 Qa6 18. Rde3 Na5 19. Qa4 Nc4 20. Qxa6 bxa6 21. Bc5 Nxe3 22. Rxe3 e6 23. Nh2 Bf8 24. Bxa7 Rc6 25. Ng4 Ra8 26. Bc5 Bxc5 27. Nf6+ Kg7 28. dxc5 Rxc5 29. Nd7 Rc6 30. f4 Rac8 31. Re2 Rxc3 32. Rb2 d4 33. Nf6 d3 34. Rd2 Rd8 35. Kf2 Rc2 36. Ke3 Rxd2 37. Kxd2 Rd4 38. g3 h5 39. Ne8+ Kf8 40. Nc7 Ra4 41. Kxd3 Rxa2 0-1

[Event "FIDE Olympiad Disabilties 2020"]
[Site "Online"]
[Date "2020.11.21"]
[Round "7.13"]
[White "Gonchar, Svitlana"]
[Black "Demirel, Huseyin"]
[Result "1-0"]
[WhiteElo "1709"]
[BlackElo "1451"]
[Annotator "NA RC"]
[PlyCount "95"]
[EventDate "2020.11.21"]
[EventType "team-tourn"]
[EventCountry "NET"]
[SourceTitle "playchess.com"]
[Source "ChessBase"]
[SourceQuality "1"]
[WhiteTeam "Ukraine"]
[BlackTeam "Turkey"]
[WhiteTeamCountry "UKR"]
[BlackTeamCountry "TUR"]

1. d4 d5 2. c4 c6 3. Nc3 Nf6 4. Nf3 e6 5. Bg5 Be7 6. e3 Qb6 7. Qc2 O-O 8. Bd3 h6 9. Bh4 Nbd7 10. O-O Qd8 11. Rac1 a6 12. a3 b5 13. cxd5 cxd5 14. b4 Bb7 15. Nd2 Rc8 16. Nb3 e5 17. Bf5 Rc7 18. Nc5 e4 19. Bxd7 Nxd7 20. Bxe7 Qxe7 21. Nxb7 Rxb7 22. Nxd5 Qe6 23. Qc6 Qxc6 24. Rxc6 Ra8 25. Rfc1 a5 26. Rc8+ Rxc8 27. Rxc8+ Kh7 28. bxa5 Ra7 29. Rc7 Rxc7 30. Nxc7 f5 31. a6 Nb6 32. a7 Kg6 33. a8=Q Nxa8 34. Nxa8 Kf6 35. Nc7 g5 36. Nxb5 Ke6 37. Nc3 Kd6 38. f3 exf3 39. gxf3 h5 40. e4 fxe4 41. Nxe4+ Kd5 42. Nxg5 Kxd4 43. Kf2 Kc3 44. f4 Kb3 45. f5 Kxa3 46. f6 Kb3 47. f7 Kc3 48. f8=Q 1-0

[Event "FIDE Olympiad Disabilties 2020"]
[Site "Online"]
[Date "2020.11.21"]
[Round "7.14"]
[White "Morales Romero, Pedro"]
[Black "Alam, Khorshed"]
[Result "1-0"]
[WhiteElo "2332"]
[BlackElo "2065"]
[Annotator "TA"]
[PlyCount "85"]
[EventDate "2020.11.21"]
[EventType "team-tourn"]
[EventCountry "NET"]
[SourceTitle "playchess.com"]
[Source "ChessBase"]
[SourceQuality "1"]
[WhiteTeam "Cuba"]
[BlackTeam "Bangladesh"]
[WhiteTeamCountry "CUB"]
[BlackTeamCountry "BAN"]

1. e4 c6 2. c4 d5 3. exd5 cxd5 4. d4 Nf6 5. Nc3 Nc6 6. Bg5 e6 7. cxd5 exd5 8. Bxf6 gxf6 9. Bb5 a6 10. Bxc6+ bxc6 11. Nge2 Bg4 12. O-O Bd6 13. h3 Be6 14. Ng3 Rg8 15. Qd3 Rg6 16. Rac1 Qd7 17. Na4 Rb8 18. Qxa6 Bxg3 19. fxg3 Rxg3 20. Rfe1 Kf8 21. Nc5 Qc8 22. Qxc8+ Bxc8 23. Kf2 Rg5 24. b3 Rb4 25. Red1 h5 26. Rd2 h4 27. a3 Rb8 28. a4 Ke7 29. a5 Kd6 30. Rdc2 Ra8 31. b4 Rg3 32. Re1 Ba6 33. Re3 Rg6 34. Rc1 Bb5 35. Nb7+ Kd7 36. Rce1 Rag8 37. Re7+ Kc8 38. Nd6+ Kb8 39. Re8+ Rxe8 40. Rxe8+ Kc7 41. Nxb5+ cxb5 42. Re7+ Kb8 43. Rxf7 1-0

[Event "FIDE Olympiad Disabilties 2020"]
[Site "Online"]
[Date "2020.11.21"]
[Round "7.14"]
[White "Husain, Ejaz"]
[Black "Larduet Despaigne, Carlos"]
[Result "1/2-1/2"]
[WhiteElo "1952"]
[BlackElo "2293"]
[Annotator "TA"]
[PlyCount "156"]
[EventDate "2020.11.21"]
[EventType "team-tourn"]
[EventCountry "NET"]
[SourceTitle "playchess.com"]
[Source "ChessBase"]
[SourceQuality "1"]
[WhiteTeam "Bangladesh"]
[BlackTeam "Cuba"]
[WhiteTeamCountry "BAN"]
[BlackTeamCountry "CUB"]

1. e4 d5 2. exd5 Qxd5 3. Nc3 Qa5 4. d4 c6 5. Nf3 Nf6 6. Bc4 Bf5 7. Ne5 e6 8. O-O Bb4 9. Bd2 O-O 10. a3 Bxc3 11. Bxc3 Qc7 12. Bd3 Bxd3 13. Qxd3 Nbd7 14. Rfe1 Rad8 15. Qg3 Nxe5 16. dxe5 Nd5 17. Bd2 Ne7 18. Bg5 Rd5 19. Bxe7 Qxe7 20. Rad1 Rfd8 21. Qf3 Qc5 22. Rxd5 Rxd5 23. Qe2 h6 24. h3 b5 25. c3 a5 26. Kf1 b4 27. cxb4 axb4 28. Qe3 Qc2 29. axb4 Qxb2 30. Qc1 Qxb4 31. Qxc6 Qf4 32. Qc3 Qh2 33. Qg3 Qxg3 34. fxg3 h5 35. Kf2 g5 36. g4 hxg4 37. hxg4 Kg7 38. Kf3 Ra5 39. Re3 Kg6 40. Kg3 Kg7 41. Kf3 Kf8 42. Kg3 Ke7 43. Kf3 Rb5 44. Kg3 Rc5 45. Kf3 Rc4 46. Kg3 Rf4 47. Re1 Kd7 48. Re3 Kc6 49. Rd3 Re4 50. Rf3 Rxe5 51. Rxf7 Kd6 52. Rf3 Rb5 53. Ra3 Kd5 54. Kf3 Ke5 55. Re3+ Kf6 56. Ra3 Rb4 57. g3 Rb5 58. Rc3 Ke5 59. Re3+ Kd6 60. Ra3 e5 61. Ke4 Rb4+ 62. Kf5 e4 63. Kxg5 Ke5 64. Ra8 Rb1 65. Ra5+ Kd4 66. Ra4+ Ke3 67. Kf5 Rb5+ 68. Kf6 Kf3 69. g5 e3 70. Ra3 Rb6+ 71. Kf7 Rb7+ 72. Kf6 Rb6+ 73. Kf7 Rb4 74. g6 Rg4 75. g7 Rxg3 76. g8=Q Rxg8 77. Kxg8 Kf2 78. Rxe3 Kxe3 1/2-1/2

[Event "FIDE Olympiad Disabilties 2020"]
[Site "Online"]
[Date "2020.11.21"]
[Round "7.14"]
[White "Batista Rivera, Idalis"]
[Black "Sarkar, Bappi"]
[Result "0-1"]
[WhiteElo "1811"]
[BlackElo "1808"]
[Annotator "NA RC"]
[PlyCount "150"]
[EventDate "2020.11.21"]
[EventType "team-tourn"]
[EventCountry "NET"]
[SourceTitle "playchess.com"]
[Source "ChessBase"]
[SourceQuality "1"]
[WhiteTeam "Cuba"]
[BlackTeam "Bangladesh"]
[WhiteTeamCountry "CUB"]
[BlackTeamCountry "BAN"]

1. e4 c5 2. Nf3 Nc6 3. Bb5 g6 4. Bxc6 bxc6 5. O-O Bg7 6. Re1 Nf6 7. c3 O-O 8. d4 cxd4 9. cxd4 Re8 10. Nc3 Qc7 11. h3 d6 12. Be3 Nd7 13. Rc1 Nb6 14. Nd5 Qd7 15. Nb4 Bb7 16. e5 a5 17. Nd3 Nd5 18. Bd2 Rec8 19. a3 Ba6 20. Nf4 Nxf4 21. Bxf4 Qf5 22. Bd2 Bb7 23. exd6 exd6 24. Re7 Rab8 25. Bc3 c5 26. dxc5 Bxf3 27. Qxf3 Qxf3 28. gxf3 dxc5 29. Ra7 Bxc3 30. bxc3 Ra8 31. Rxa8 Rxa8 32. Rb1 Rd8 33. Rb5 Rd3 34. Rxc5 Rxf3 35. Kg2 Rd3 36. Rc8+ Kg7 37. Rc5 h5 38. Rc4 Kf6 39. Rc5 a4 40. Rc4 Kg5 41. Rxa4 Rxc3 42. Ra5+ f5 43. Ra6 f4 44. Ra4 Kf5 45. Ra5+ Kf6 46. Ra6+ Kf5 47. Ra5+ Kf6 48. Ra6+ Kg5 49. Ra4 h4 50. Ra5+ Kh6 51. Ra6 f3+ 52. Kg1 Rc1+ 53. Kh2 Rf1 54. Rf6 Rxf2+ 55. Kg1 Rg2+ 56. Kf1 Rg3 57. Kf2 Rxh3 58. a4 Kg5 59. Rb6 Rh2+ 60. Kxf3 Ra2 61. Rb5+ Kh6 62. a5 h3 63. Rb1 Rxa5 64. Rh1 Rh5 65. Kg3 Kg5 66. Rxh3 Rxh3+ 67. Kxh3 Kf4 68. Kg2 Kg4 69. Kh2 Kf3 70. Kg1 g5 71. Kf1 g4 72. Kg1 Kg3 73. Kh1 Kf2 74. Kh2 g3+ 75. Kh1 g2+ 0-1